[Event "Olomouc Chess Summer 2022 - D"]
[Site "Olomouc (CZE), Hotel Flora"]
[Date "2022.08.17"]
[Round "6"]
[Board "2"]
[White "Stigar, Petter"]
[Black "Dusbaba, Karel"]
[Result "1-0"]
[WhiteElo "2212"]
[BlackElo "2005"]
[PlyCount "0"]
[EventDate "2022.08.13"]
[EventRounds "9"]
[EventCountry "CZE"]

1. Nf3 {[%clk 1:30:47]} d5 {[%clk 1:30:25]} 2. d4 {[%clk 1:31:00]} e6
{[%clk 1:28:43]} 3. c4 {[%clk 1:28:54]} c6 {[%clk 1:29:02]} 4. Nc3
{[%clk 1:29:08]} f5 {[%clk 1:29:20]} 5. Bf4 {[%clk 1:28:38]} Nf6 {[%clk 1:29:37]}
6. e3 {[%clk 1:28:31]} Bd6 {[%clk 1:29:28]} 7. Bd3 {[%clk 1:28:21]} O-O
{[%clk 1:29:29]} 8. O-O {[%clk 1:28:37]} Ne4 {[%clk 1:28:33]} 9. Qc2
{[%clk 1:28:23]} Qc7 {[%clk 1:26:51]} 10. Ne2 {[%clk 1:26:24]} Bd7
{[%clk 1:21:38]} 11. c5 {[%clk 1:24:34]} Bxf4 {[%clk 1:21:13]} 12. Nxf4
{[%clk 1:24:53]} Qc8 {[%clk 1:19:40]} 13. Ne5 {[%clk 1:20:32]} Be8
{[%clk 1:18:22]} 14. f3 {[%clk 1:16:52]} Nf6 {[%clk 1:16:32]} 15. Rad1
{[%clk 1:12:27]} g5 {[%clk 1:12:33]} 16. Nh3 {[%clk 1:05:20]} h6 {[%clk 1:12:37]}
17. e4 {[%clk 1:04:16]} f4 {[%clk 1:08:35]} 18. g3 {[%clk 1:02:05]} fxg3
{[%clk 1:08:18]} 19. hxg3 {[%clk 1:02:25]} Nbd7 {[%clk 1:08:11]} 20. Nxd7
{[%clk 0:51:21]} Qxd7 {[%clk 1:07:18]} 21. e5 {[%clk 0:51:33]} Nh5 22. Kg2
{[%clk 0:48:52]} b6 {[%clk 1:05:55]} 23. Nf2 {[%clk 0:46:49]} Ng7
{[%clk 1:00:53]} 24. Ng4 {[%clk 0:44:19]} Nf5 {[%clk 1:00:37]} 25. Bxf5
{[%clk 0:42:45]} exf5 {[%clk 1:00:55]} 26. Nf6+ {[%clk 0:42:53]} Rxf6
{[%clk 1:01:18]} 27. exf6 {[%clk 0:43:15]} Qe6 {[%clk 1:01:23]} 28. Rde1
{[%clk 0:42:12]} Qxf6 {[%clk 1:01:39]} 29. Re5 {[%clk 0:37:29]} Bd7
{[%clk 0:58:25]} 30. Rfe1 {[%clk 0:35:23]} Rf8 {[%clk 0:58:40]} 31. Re7
{[%clk 0:31:49]} Rf7 {[%clk 0:59:00]} 32. Qe2 {[%clk 0:27:26]} Kg7
{[%clk 0:53:13]} 33. Qe5 {[%clk 0:24:33]} Qxe5 {[%clk 0:52:31]} 34. R1xe5
{[%clk 0:23:31]} b5 {[%clk 0:51:02]} 35. a4 {[%clk 0:17:31]} a6 {[%clk 0:51:09]}
36. axb5 {[%clk 0:17:30]} axb5 {[%clk 0:51:37]} 37. Rxf7+ {[%clk 0:14:47]} Kxf7
{[%clk 0:52:05]} 38. Re1 {[%clk 0:14:21]} Kf6 {[%clk 0:52:20]} 39. Rh1
{[%clk 0:14:08]} Kg6 {[%clk 0:52:19]} 40. Ra1 {[%clk 0:14:27]} Kf6
{[%clk 0:51:22]} 41. Ra8 {[%clk 0:11:55]} h5 {[%clk 0:43:20]} 42. Rh8
{[%clk 0:11:00]} Kg6 {[%clk 0:41:23]} 43. Rd8 {[%clk 0:11:06]}  1-0

[Event "Olomouc Chess Summer 2022 - D"]
[Site "Olomouc (CZE), Hotel Flora"]
[Date "2022.08.17"]
[Round "6"]
[Board "4"]
[White "Mlynek, Petr"]
[Black "Bartos, Jan"]
[Result "1/2-1/2"]
[WhiteElo "2047"]
[BlackElo "2137"]
[PlyCount "0"]
[EventDate "2022.08.13"]
[EventRounds "9"]
[EventCountry "CZE"]

1. d4 {[%clk 1:30:58]} Nf6 {[%clk 1:30:56]} 2. c4 {[%clk 1:31:20]} e6
{[%clk 1:31:22]} 3. g3 {[%clk 1:31:29]} d5 {[%clk 1:31:36]} 4. Nf3
{[%clk 1:31:49]} Be7 {[%clk 1:31:52]} 5. Bg2 {[%clk 1:32:11]} O-O
{[%clk 1:32:17]} 6. O-O {[%clk 1:32:34]} dxc4 {[%clk 1:32:41]} 7. Qc2
{[%clk 1:32:58]} a6 {[%clk 1:33:00]} 8. a4 {[%clk 1:33:08]} Bd7 {[%clk 1:33:17]}
9. Qxc4 {[%clk 1:33:26]} Bc6 {[%clk 1:33:38]} 10. Bg5 {[%clk 1:33:35]} Nbd7
{[%clk 1:33:53]} 11. Rd1 {[%clk 1:33:16]} h6 {[%clk 1:34:07]} 12. Bxf6
{[%clk 1:33:32]} Nxf6 {[%clk 1:34:31]} 13. Nc3 a5 {[%clk 1:27:57]} 14. Ne5
{[%clk 1:31:11]} Bxg2 {[%clk 1:28:05]} 15. Kxg2 {[%clk 1:31:33]} c6
{[%clk 1:26:43]}  1/2-1/2

[Event "Olomouc Chess Summer 2022 - D"]
[Site "Olomouc (CZE), Hotel Flora"]
[Date "2022.08.17"]
[Round "6"]
[Board "5"]
[White "Vales, Vaclav"]
[Black "Lorenc, Oldrich"]
[Result "1/2-1/2"]
[WhiteElo "2036"]
[BlackElo "2111"]
[PlyCount "0"]
[EventDate "2022.08.13"]
[EventRounds "9"]
[EventCountry "CZE"]

1. d4 {[%clk 1:30:57]} Nf6 {[%clk 1:30:46]} 2. Nf3 {[%clk 1:30:56]} e6
{[%clk 1:30:17]} 3. c4 {[%clk 1:31:12]} b6 {[%clk 1:29:29]} 4. a3
{[%clk 1:31:31]} Bb7 {[%clk 1:29:05]} 5. Nc3 {[%clk 1:31:55]} d5 {[%clk 1:28:45]}
6. cxd5 {[%clk 1:32:20]} exd5 {[%clk 1:29:07]} 7. Bg5 {[%clk 1:30:55]} Be7
{[%clk 1:29:25]} 8. e3 {[%clk 1:31:20]} O-O {[%clk 1:29:28]} 9. Bd3
{[%clk 1:29:38]} Nbd7 {[%clk 1:27:49]} 10. O-O h6 11. Bh4 {[%clk 1:25:37]} Ne4
{[%clk 1:23:03]} 12. Bxe7 {[%clk 1:20:57]} Qxe7 {[%clk 1:23:10]} 13. Qa4
{[%clk 1:14:40]} a6 {[%clk 1:19:37]} 14. Rfc1 {[%clk 1:13:30]} c5
{[%clk 1:18:25]} 15. Qd1 {[%clk 1:11:09]} Nxc3 {[%clk 1:13:46]} 16. Rxc3
{[%clk 1:08:27]} c4 {[%clk 1:14:06]} 17. Bf5 {[%clk 1:06:27]} Nf6
{[%clk 1:13:03]} 18. Ne5 {[%clk 1:01:59]} b5 {[%clk 1:12:48]} 19. Qe1
{[%clk 1:00:22]} a5 {[%clk 1:10:26]} 20. f3 {[%clk 0:59:29]} Qd6 {[%clk 1:02:45]}
21. Rd1 {[%clk 0:54:28]} b4 {[%clk 0:59:15]} 22. axb4 {[%clk 0:54:45]} axb4
{[%clk 0:59:40]} 23. Rcc1 {[%clk 0:55:03]} Ra2 {[%clk 0:58:52]} 24. Rd2
{[%clk 0:52:53]} Re8 {[%clk 0:54:35]} 25. Bb1 {[%clk 0:48:16]} Ra5
{[%clk 0:38:05]} 26. Qh4 {[%clk 0:38:00]} Nd7 {[%clk 0:34:41]} 27. Nxd7
{[%clk 0:36:27]} Qxd7 {[%clk 0:35:05]} 28. e4 {[%clk 0:36:53]} Qe7
{[%clk 0:33:32]} 29. Qxe7 {[%clk 0:34:13]} Rxe7 {[%clk 0:33:55]} 30. e5
{[%clk 0:34:37]} Kf8 {[%clk 0:33:47]} 31. f4 {[%clk 0:33:13]} Bc8
{[%clk 0:32:49]} 32. Kf2 {[%clk 0:31:54]} Ra1 {[%clk 0:32:51]} 33. Rdd1
{[%clk 0:30:48]} Rc7 {[%clk 0:30:41]} 34. Ke3 {[%clk 0:28:34]} g6
{[%clk 0:26:53]} 35. Kd2 {[%clk 0:24:12]} Rca7 {[%clk 0:23:28]} 36. Rg1
{[%clk 0:22:52]} h5 {[%clk 0:22:19]} 37. g3 {[%clk 0:21:02]} Bg4 {[%clk 0:15:00]}
38. Rh1 {[%clk 0:18:19]} R1a2 {[%clk 0:11:01]} 39. Bxa2 {[%clk 0:16:46]} Rxa2
{[%clk 0:11:28]} 40. Rb1 {[%clk 0:14:00]} Bf5 {[%clk 0:10:04]} 41. Kc1
{[%clk 0:10:27]} Ke7 {[%clk 0:06:03]} 42. h3 {[%clk 0:10:42]} Ke6
{[%clk 0:05:28]} 43. g4 {[%clk 0:10:43]} hxg4 {[%clk 0:05:22]} 44. hxg4
{[%clk 0:11:09]} Bxg4 {[%clk 0:05:16]} 45. Rh8 {[%clk 0:11:07]} Bf5
{[%clk 0:28:41]} 46. Rb8 {[%clk 0:39:46]} b3 {[%clk 0:27:58]} 47. Rb6+
{[%clk 0:38:50]} Ke7 {[%clk 0:28:16]} 48. Rb8 {[%clk 0:35:25]} Ra7
{[%clk 0:28:16]} 49. Rh8 {[%clk 0:34:38]} Bxb1 {[%clk 0:28:08]} 50. Kxb1
{[%clk 0:35:02]} Rd7 {[%clk 0:27:57]} 51. Kc1 {[%clk 0:35:04]} Ke6
{[%clk 0:28:10]} 52. Kd2 {[%clk 0:34:21]} Kf5 {[%clk 0:28:22]} 53. Rh4
{[%clk 0:34:35]} Ra7 {[%clk 0:28:01]} 54. Kc3 {[%clk 0:34:53]} Ra1
{[%clk 0:26:59]} 55. Rh7 {[%clk 0:33:18]} Ke6 {[%clk 0:26:05]} 56. Rh8
{[%clk 0:33:27]} Rf1 {[%clk 0:25:45]} 57. Rd8 {[%clk 0:33:49]} Rc1+
{[%clk 0:16:22]} 58. Kb4 {[%clk 0:33:41]} Rc2 {[%clk 0:15:23]} 59. Rd6+
{[%clk 0:32:57]} Kf5 {[%clk 0:15:34]} 60. Rxd5 {[%clk 0:30:56]} Kxf4
{[%clk 0:15:46]} 61. Rd7 {[%clk 0:30:09]} Ke4 {[%clk 0:15:39]} 62. Rxf7
{[%clk 0:28:45]} Kxd4 {[%clk 0:15:54]} 63. e6 {[%clk 0:26:30]} Re2
{[%clk 0:15:57]} 64. Rd7+ {[%clk 0:23:57]} Ke5 {[%clk 0:15:54]} 65. Rd2
{[%clk 0:23:46]} Re4 {[%clk 0:15:53]} 66. Rg2 {[%clk 0:23:47]} Kf6
{[%clk 0:15:49]} 67. e7 {[%clk 0:23:44]} Rxe7 {[%clk 0:15:58]} 68. Kxc4
{[%clk 0:24:07]} Rb7 {[%clk 0:15:56]} 69. Kd5 {[%clk 0:23:30]} g5
{[%clk 0:16:13]} 70. Rf2+ {[%clk 0:17:36]} Kg6 {[%clk 0:16:27]} 71. Rf8
{[%clk 0:18:01]} g4 {[%clk 0:15:40]} 72. Kc4 {[%clk 0:16:51]} Kg5
{[%clk 0:15:55]} 73. Rg8+ {[%clk 0:16:19]} Kf4 {[%clk 0:16:13]} 74. Kc3
{[%clk 0:16:06]} Kf3 {[%clk 0:16:27]} 75. Rf8+ {[%clk 0:16:30]} Kg2
{[%clk 0:16:47]} 76. Rg8 {[%clk 0:16:17]} g3 {[%clk 0:17:09]} 77. Rg6
{[%clk 0:15:14]} Kf2 {[%clk 0:17:14]} 78. Rf6+ {[%clk 0:15:37]} Kg1
{[%clk 0:17:35]} 79. Kc4 {[%clk 0:15:48]} g2 {[%clk 0:17:51]} 80. Rg6
{[%clk 0:16:14]} Rf7 {[%clk 0:16:42]} 81. Kxb3 {[%clk 0:16:10]} Kf2
{[%clk 0:16:58]} 82. Kc4 {[%clk 0:16:17]} g1=Q {[%clk 0:16:25]} 83. Rxg1 Kxg1 84.
b4 {[%clk 0:16:25]} Kf2 {[%clk 0:16:20]} 85. b5 {[%clk 0:16:27]} Ke3
{[%clk 0:16:34]} 86. b6 {[%clk 0:16:36]} Ke4 {[%clk 0:15:30]} 87. Kc5
{[%clk 0:16:52]} Ke5 {[%clk 0:15:10]} 88. Kc6 {[%clk 0:15:59]} Rf1
{[%clk 0:15:12]} 89. b7 {[%clk 0:15:17]} Rc1+ {[%clk 0:14:30]} 90. Kd7
{[%clk 0:15:07]} Rb1 {[%clk 0:14:32]} 91. Kc7 {[%clk 0:15:17]}  1/2-1/2

[Event "Olomouc Chess Summer 2022 - D"]
[Site "Olomouc (CZE), Hotel Flora"]
[Date "2022.08.17"]
[Round "6"]
[Board "6"]
[White "Kastner, Oldrich"]
[Black "Vrana, Frantisek"]
[Result "0-1"]
[WhiteElo "2006"]
[BlackElo "2214"]
[PlyCount "0"]
[EventDate "2022.08.13"]
[EventRounds "9"]
[EventCountry "CZE"]

1. e4 {[%clk 1:30:53]} d5 {[%clk 1:30:26]} 2. exd5 {[%clk 1:31:08]} Qxd5
{[%clk 1:30:52]} 3. Nc3 {[%clk 1:31:16]} Qa5 {[%clk 1:31:17]} 4. d4
{[%clk 1:31:16]} Nf6 {[%clk 1:30:57]} 5. Bd2 {[%clk 1:31:15]} c6 {[%clk 1:31:13]}
6. Bc4 {[%clk 1:30:40]} Bf5 {[%clk 1:31:31]} 7. Nd5 {[%clk 1:23:57]} Qd8
{[%clk 1:30:54]} 8. Nxf6+ {[%clk 1:22:49]} gxf6 {[%clk 1:31:14]} 9. Nf3
{[%clk 1:20:29]} Qc7 {[%clk 1:23:07]} 10. Qe2 {[%clk 1:15:15]} e6
{[%clk 1:06:07]} 11. O-O-O {[%clk 1:14:29]} Be7 {[%clk 1:03:51]} 12. Nh4
{[%clk 1:11:34]} Bg6 {[%clk 1:04:09]} 13. Kb1 {[%clk 1:01:22]} Nd7
{[%clk 1:01:35]} 14. Bb3 {[%clk 0:54:40]} O-O-O {[%clk 0:56:30]} 15. Nxg6
{[%clk 0:51:39]} hxg6 {[%clk 0:56:52]} 16. h3 {[%clk 0:51:21]} Rh5
{[%clk 0:51:20]} 17. c4 {[%clk 0:48:33]} Bd6 {[%clk 0:42:51]} 18. Bc3
{[%clk 0:41:31]} Kb8 {[%clk 0:36:14]} 19. Rd3 {[%clk 0:38:54]} Rdh8
{[%clk 0:34:43]} 20. Bd1 {[%clk 0:36:02]} Rh4 {[%clk 0:33:47]} 21. Qc2
{[%clk 0:34:25]} e5 {[%clk 0:32:51]} 22. c5 {[%clk 0:30:36]} Be7 {[%clk 0:28:04]}
23. Re1 {[%clk 0:30:08]} Bd8 {[%clk 0:25:06]} 24. b4 {[%clk 0:27:57]} e4
{[%clk 0:22:32]} 25. Rde3 {[%clk 0:27:11]} f5 {[%clk 0:22:49]} 26. d5
{[%clk 0:17:02]} cxd5 {[%clk 0:22:57]} 27. Bxh8 {[%clk 0:16:56]} Rxh8
{[%clk 0:23:24]} 28. Rb3 {[%clk 0:15:49]} Bf6 {[%clk 0:22:40]} 29. a4
{[%clk 0:15:01]} Qe5 {[%clk 0:19:25]} 30. Ra3 {[%clk 0:15:04]} Rc8
{[%clk 0:19:24]} 31. Ree3 {[%clk 0:12:58]} Nb6 {[%clk 0:16:41]} 32. Reb3
{[%clk 0:11:14]} Nc4 {[%clk 0:14:09]} 33. Ra2 {[%clk 0:11:32]} Qd4
{[%clk 0:11:08]} 34. a5 {[%clk 0:08:07]} e3 {[%clk 0:08:07]} 35. fxe3
{[%clk 0:05:30]} Nxe3 {[%clk 0:08:13]} 36. Qd3 {[%clk 0:04:12]} Nxd1
{[%clk 0:04:13]} 37. Qxd4 {[%clk 0:04:26]} Bxd4 {[%clk 0:04:38]} 38. Rd2
{[%clk 0:03:22]} Nc3+ {[%clk 0:04:56]} 39. Kc2 {[%clk 0:03:16]} Nb5
{[%clk 0:05:20]} 40. Rbd3 {[%clk 0:02:56]} Bf6 {[%clk 0:02:15]} 41. Rxd5
{[%clk 0:02:37]} Bc3 {[%clk 0:02:18]} 42. R2d3 {[%clk 0:28:41]} Bxb4
{[%clk 0:29:25]} 43. Rb3 {[%clk 0:28:55]} Na3+ {[%clk 0:29:36]} 44. Kd3
{[%clk 0:25:03]} Rxc5 {[%clk 0:25:23]} 45. Rd7 {[%clk 0:16:34]} Kc8
{[%clk 0:24:35]} 46. Rxf7 {[%clk 0:16:12]} Rd5+ {[%clk 0:24:57]} 47. Ke2
{[%clk 0:15:44]} Nc2 {[%clk 0:24:59]} 48. Rg3 {[%clk 0:08:48]} Rd2+
{[%clk 0:23:41]} 49. Kf1 {[%clk 0:08:36]} Bxa5 {[%clk 0:16:11]} 50. Rxg6
{[%clk 0:08:08]} Ne3+ {[%clk 0:15:14]} 51. Kg1 {[%clk 0:08:19]} Bd8
{[%clk 0:15:22]} 52. Rg8 {[%clk 0:07:52]} a5 {[%clk 0:15:44]} 53. Re7
{[%clk 0:04:19]} Rxg2+ {[%clk 0:15:37]} 54. Rxg2 {[%clk 0:04:31]} Bxe7
{[%clk 0:16:03]} 55. Re2 {[%clk 0:04:13]} a4 {[%clk 0:16:16]} 56. Kf2
{[%clk 0:03:15]} Bc5 {[%clk 0:12:28]} 57. h4 {[%clk 0:02:53]} a3 {[%clk 0:12:39]}
58. Kf3 {[%clk 0:02:22]} Bd4 {[%clk 0:09:06]} 59. h5 {[%clk 0:02:25]} Ng4
{[%clk 0:07:17]} 60. Re8+ {[%clk 0:01:56]} Kd7 {[%clk 0:07:14]}  0-1

[Event "Olomouc Chess Summer 2022 - D"]
[Site "Olomouc (CZE), Hotel Flora"]
[Date "2022.08.17"]
[Round "6"]
[Board "7"]
[White "Johnsen, Gunnar"]
[Black "Dvorak, Vladimir"]
[Result "1-0"]
[WhiteElo "2137"]
[BlackElo "1900"]
[PlyCount "0"]
[EventDate "2022.08.13"]
[EventRounds "9"]
[EventCountry "CZE"]

1. d4 {[%clk 1:30:39]} e6 {[%clk 1:30:42]} 2. c4 {[%clk 1:30:22]} f5
{[%clk 1:31:03]} 3. g3 {[%clk 1:30:31]} Nf6 {[%clk 1:31:23]} 4. Bg2
{[%clk 1:30:56]} Be7 {[%clk 1:31:30]} 5. Nf3 {[%clk 1:31:15]} O-O
{[%clk 1:31:12]} 6. O-O {[%clk 1:31:35]} d6 {[%clk 1:31:16]} 7. Nc3
{[%clk 1:31:29]} Qe8 {[%clk 1:30:50]} 8. b3 {[%clk 1:30:14]} Nbd7
{[%clk 1:28:14]} 9. Qc2 {[%clk 1:25:30]} Qh5 {[%clk 1:23:13]} 10. Ba3
{[%clk 1:22:10]} Ng4 {[%clk 1:17:37]} 11. h3 {[%clk 1:06:59]} Nh6
{[%clk 1:09:32]} 12. e4 {[%clk 1:02:13]} g5 {[%clk 0:57:30]} 13. exf5
{[%clk 0:56:32]} exf5 {[%clk 0:57:45]} 14. Nd5 {[%clk 0:54:32]} Bd8
{[%clk 0:55:15]} 15. Rae1 {[%clk 0:53:44]} Nf6 {[%clk 0:49:49]} 16. Ne7+
{[%clk 0:52:51]} Kf7 {[%clk 0:45:03]} 17. Nxc8 {[%clk 0:52:30]} Rxc8
{[%clk 0:45:25]} 18. Bc1 {[%clk 0:45:17]} g4 {[%clk 0:31:28]} 19. Ng5+
{[%clk 0:43:29]} Kg8 {[%clk 0:31:39]} 20. h4 {[%clk 0:42:56]} c6 {[%clk 0:30:47]}
21. Bf4 {[%clk 0:37:33]} Bc7 {[%clk 0:28:02]} 22. Re7 {[%clk 0:33:27]} Rfe8
{[%clk 0:25:40]} 23. Qe2 {[%clk 0:33:36]} Kf8 {[%clk 0:24:37]} 24. Qe6
{[%clk 0:27:07]} Rxe7 {[%clk 0:19:22]} 25. Qxc8+ {[%clk 0:27:19]} Qe8
{[%clk 0:17:55]} 26. Qxb7 {[%clk 0:25:41]} Bb8 {[%clk 0:17:24]} 27. Qxc6
{[%clk 0:25:46]} Qxc6 {[%clk 0:16:45]} 28. Bxc6 {[%clk 0:26:08]} Nh5
{[%clk 0:17:04]} 29. Bd5 {[%clk 0:22:27]} Nxf4 {[%clk 0:17:00]} 30. gxf4
{[%clk 0:22:50]} Ng8 {[%clk 0:15:59]} 31. Ne6+ {[%clk 0:19:55]} Ke8
{[%clk 0:13:05]} 32. Re1 {[%clk 0:20:15]} a5 {[%clk 0:06:38]} 33. Re3
{[%clk 0:19:25]} Nh6 {[%clk 0:04:37]} 34. Kg2 {[%clk 0:18:17]} Ba7
{[%clk 0:04:58]} 35. Nc7+ {[%clk 0:18:11]} Kd7 {[%clk 0:05:07]} 36. Rxe7+
{[%clk 0:16:36]} Kxe7 {[%clk 0:05:27]} 37. Nb5 {[%clk 0:17:01]} Bb6
{[%clk 0:05:42]} 38. a3 {[%clk 0:14:37]} Kd7 {[%clk 0:06:05]} 39. b4
{[%clk 0:14:16]} Bd8 {[%clk 0:06:26]} 40. Kg3 {[%clk 0:14:15]} axb4
{[%clk 0:06:18]} 41. axb4 {[%clk 0:14:36]} Bf6 {[%clk 0:06:19]} 42. c5
{[%clk 0:09:26]} dxc5 {[%clk 0:06:41]} 43. bxc5 {[%clk 0:07:56]} Bd8
{[%clk 0:06:27]} 44. c6+ {[%clk 0:07:55]} Ke7 {[%clk 0:06:26]} 45. Bc4
{[%clk 0:07:16]}  1-0

[Event "Olomouc Chess Summer 2022 - D"]
[Site "Olomouc (CZE), Hotel Flora"]
[Date "2022.08.17"]
[Round "6"]
[Board "8"]
[White "Fiser, Jiri"]
[Black "Pospisil, Evzen"]
[Result "1/2-1/2"]
[WhiteElo "1768"]
[BlackElo "2045"]
[PlyCount "0"]
[EventDate "2022.08.13"]
[EventRounds "9"]
[EventCountry "CZE"]

1. e4 {[%clk 1:30:50]} c5 {[%clk 1:30:56]} 2. Nf3 {[%clk 1:31:02]} d6
{[%clk 1:31:18]} 3. d4 {[%clk 1:31:00]} cxd4 {[%clk 1:31:43]} 4. Nxd4
{[%clk 1:31:26]} Nf6 {[%clk 1:32:07]} 5. Nc3 {[%clk 1:31:47]} g6 {[%clk 1:32:31]}
6. f3 {[%clk 1:32:07]} Bg7 {[%clk 1:32:55]} 7. Be3 {[%clk 1:32:36]} O-O
{[%clk 1:33:11]} 8. Qd2 {[%clk 1:32:44]} Nc6 {[%clk 1:33:33]} 9. g4
{[%clk 1:32:53]} Nxd4 {[%clk 1:32:41]} 10. Bxd4 {[%clk 1:33:20]} Qa5
{[%clk 1:29:43]} 11. O-O-O {[%clk 1:33:29]} Be6 {[%clk 1:29:56]} 12. Kb1
{[%clk 1:33:42]} Rfc8 {[%clk 1:30:17]} 13. Nd5 {[%clk 1:26:51]} Qxd2
{[%clk 1:30:15]} 14. Nxf6+ {[%clk 1:22:29]} Bxf6 {[%clk 1:30:36]} 15. Rxd2
{[%clk 1:22:54]} Bxd4 {[%clk 1:30:37]} 16. Rxd4 {[%clk 1:23:23]} Rc5
{[%clk 1:30:51]} 17. Be2 {[%clk 1:10:16]} g5 {[%clk 1:29:14]} 18. h4
{[%clk 1:08:22]} h6 {[%clk 1:29:37]} 19. Rd2 {[%clk 1:04:52]} Kg7
{[%clk 1:26:55]} 20. Bd3 {[%clk 1:03:54]} Kf6 {[%clk 1:27:01]} 21. hxg5+
{[%clk 0:52:13]} hxg5 {[%clk 1:25:17]} 22. Rh5 {[%clk 0:51:17]} Rg8
{[%clk 1:25:27]} 23. Rf2 {[%clk 0:50:39]} Re5 {[%clk 1:00:57]} 24. a3
{[%clk 0:48:17]} Kg7 {[%clk 0:52:28]} 25. Kc1 {[%clk 0:47:34]} Rh8
{[%clk 0:52:29]} 26. Rxh8 Kxh8 27. Kd2 {[%clk 0:41:12]} Rc5 {[%clk 0:48:58]} 28.
Rh2+ {[%clk 0:35:24]} Kg7 {[%clk 0:49:19]} 29. Rh5 {[%clk 0:35:07]} f6
{[%clk 0:43:59]} 30. Rh1 {[%clk 0:33:24]} Bg8 {[%clk 0:42:24]} 31. b4
{[%clk 0:27:08]} Rc8 {[%clk 0:42:30]}  1/2-1/2

[Event "Olomouc Chess Summer 2022 - D"]
[Site "Olomouc (CZE), Hotel Flora"]
[Date "2022.08.17"]
[Round "6"]
[Board "9"]
[White "Mikulas, Dusan"]
[Black "Kudrlicka, Ladislav"]
[Result "1/2-1/2"]
[WhiteElo "2045"]
[BlackElo "2003"]
[PlyCount "0"]
[EventDate "2022.08.13"]
[EventRounds "9"]
[EventCountry "CZE"]

1. e4 {[%clk 1:30:59]} e5 {[%clk 1:30:49]} 2. Nf3 {[%clk 1:31:15]} Nc6
{[%clk 1:31:09]} 3. Nc3 {[%clk 1:31:17]} Nf6 {[%clk 1:30:55]} 4. d4
{[%clk 1:31:41]} exd4 {[%clk 1:28:35]} 5. Nxd4 {[%clk 1:32:06]} d6
{[%clk 1:28:17]} 6. Nxc6 {[%clk 1:28:32]} bxc6 {[%clk 1:28:44]} 7. Bd3
{[%clk 1:28:54]} Be7 {[%clk 1:28:43]} 8. O-O {[%clk 1:29:14]} O-O
{[%clk 1:28:28]} 9. f4 {[%clk 1:27:09]} Nd7 {[%clk 1:15:04]} 10. Qf3
{[%clk 1:11:29]} Nc5 {[%clk 1:09:26]} 11. f5 {[%clk 1:09:35]} Nd7
{[%clk 1:00:52]} 12. g4 {[%clk 1:05:18]} Bg5 {[%clk 0:58:46]} 13. Bf4
{[%clk 1:00:34]} h6 {[%clk 0:55:40]} 14. Qg3 {[%clk 0:56:13]} Bxf4
{[%clk 0:51:17]} 15. Rxf4 {[%clk 0:55:43]} Ne5 {[%clk 0:51:10]} 16. Raf1
{[%clk 0:49:26]} f6 {[%clk 0:49:45]} 17. h4 {[%clk 0:43:55]} c5 {[%clk 0:39:36]}
18. Be2 {[%clk 0:36:25]} Bd7 {[%clk 0:34:51]} 19. Rd1 {[%clk 0:35:47]} Bc6
{[%clk 0:34:10]} 20. Rf2 {[%clk 0:35:13]} Qe7 {[%clk 0:31:34]} 21. Rg2
{[%clk 0:34:28]} Rab8 {[%clk 0:31:15]} 22. b3 {[%clk 0:33:13]} Rb4
{[%clk 0:28:32]} 23. Qe3 {[%clk 0:30:41]} a5 {[%clk 0:22:34]} 24. a3
{[%clk 0:29:07]} Rbb8 {[%clk 0:22:38]} 25. Kh2 {[%clk 0:27:30]} c4
{[%clk 0:21:43]} 26. bxc4 {[%clk 0:23:04]} Nf7 {[%clk 0:20:25]} 27. Rg3
{[%clk 0:18:17]} Rb2 {[%clk 0:20:17]} 28. Rd2 {[%clk 0:18:28]} Qe5
{[%clk 0:18:25]} 29. Nd5 {[%clk 0:16:38]} Rb7 {[%clk 0:17:20]} 30. Bf3  1/2-1/2

[Event "Olomouc Chess Summer 2022 - D"]
[Site "Olomouc (CZE), Hotel Flora"]
[Date "2022.08.17"]
[Round "6"]
[Board "10"]
[White "Huncar, Martin"]
[Black "Krejci, Jan"]
[Result "0-1"]
[WhiteElo "1841"]
[BlackElo "2055"]
[PlyCount "0"]
[EventDate "2022.08.13"]
[EventRounds "9"]
[EventCountry "CZE"]

1. e4 {[%clk 1:30:57]} e5 {[%clk 1:30:50]} 2. Nc3 {[%clk 1:31:23]} Nc6
{[%clk 1:31:14]} 3. Bc4 {[%clk 1:31:42]} Nf6 {[%clk 1:31:16]} 4. d3
{[%clk 1:32:06]} Bc5 {[%clk 1:31:32]} 5. f4 {[%clk 1:32:09]} d6 {[%clk 1:31:46]}
6. Nf3 {[%clk 1:32:30]} Bg4 {[%clk 1:23:44]} 7. Na4 {[%clk 1:22:17]} Bb6
{[%clk 1:23:20]} 8. Nxb6 {[%clk 1:21:54]} axb6 {[%clk 1:23:40]} 9. h3
{[%clk 1:20:21]} Bxf3 {[%clk 1:21:16]} 10. Qxf3 {[%clk 1:20:39]} Nd4
{[%clk 1:21:05]} 11. Qf2 {[%clk 1:20:02]} b5 {[%clk 1:20:52]} 12. Bb3
{[%clk 1:09:41]} Nxb3 {[%clk 1:16:29]} 13. cxb3 {[%clk 1:10:02]} Nd7
{[%clk 1:16:37]} 14. O-O {[%clk 1:09:22]} O-O {[%clk 1:16:19]} 15. Qg3
{[%clk 0:56:52]} f6 {[%clk 1:12:40]} 16. f5 {[%clk 0:50:03]} c5 {[%clk 1:09:21]}
17. Be3 {[%clk 0:48:43]} Qe7 {[%clk 1:08:56]} 18. Qh4 {[%clk 0:46:54]} g5
{[%clk 1:06:31]} 19. fxg6 {[%clk 0:45:45]} hxg6 {[%clk 1:06:49]} 20. Qg4
{[%clk 0:43:50]} Kf7 {[%clk 1:05:51]} 21. Rf3 {[%clk 0:33:06]} Qe6
{[%clk 1:05:18]} 22. Qxe6+ {[%clk 0:30:00]} Kxe6 {[%clk 1:05:40]} 23. g4
{[%clk 0:27:05]} g5 {[%clk 1:01:03]} 24. a3 {[%clk 0:24:29]} b4 {[%clk 0:59:40]}
25. Rff1 {[%clk 0:23:14]} bxa3 {[%clk 0:58:33]} 26. bxa3 {[%clk 0:23:02]} b5
{[%clk 0:58:15]} 27. Kg2 {[%clk 0:13:21]} Ra6 {[%clk 0:55:02]} 28. h4
{[%clk 0:10:47]} gxh4 {[%clk 0:55:10]} 29. Rh1 {[%clk 0:10:57]} Rfa8
{[%clk 0:51:43]} 30. Bc1 {[%clk 0:07:58]} Rh8 {[%clk 0:52:05]} 31. Be3
{[%clk 0:07:43]} Nf8 {[%clk 0:52:25]} 32. a4 {[%clk 0:06:57]} bxa4
{[%clk 0:52:16]} 33. Rxa4 {[%clk 0:06:05]} Rb6 {[%clk 0:51:33]} 34. b4
{[%clk 0:04:10]} Rxb4 {[%clk 0:51:44]} 35. Rxb4 {[%clk 0:04:34]} cxb4
{[%clk 0:52:04]} 36. Rb1 {[%clk 0:04:30]} Ng6 {[%clk 0:49:51]} 37. Rxb4
{[%clk 0:04:34]} Ra8 {[%clk 0:43:54]} 38. Rb3 {[%clk 0:03:28]} Ra2+
{[%clk 0:44:17]} 39. Kh3 {[%clk 0:03:06]} Re2 {[%clk 0:44:22]} 40. Bh6
{[%clk 0:01:54]} Rf2 {[%clk 0:37:20]} 41. Ra3 {[%clk 0:15:26]} Rf3+
{[%clk 1:07:03]} 42. Kh2 {[%clk 0:15:22]} Rg3 {[%clk 1:07:25]} 43. Rb3
{[%clk 0:11:49]} Rxg4 {[%clk 1:07:32]} 44. Rb8 {[%clk 0:11:38]} Rg3
{[%clk 1:07:41]} 45. Rb3 {[%clk 0:10:21]} Nf4 {[%clk 1:05:19]} 46. Rb8
{[%clk 0:09:36]} Nxd3 {[%clk 1:02:45]} 47. Rb6 {[%clk 0:08:26]} Nc5
{[%clk 1:02:57]} 48. Bf8 {[%clk 0:07:19]} Nxe4 {[%clk 1:03:16]} 49. Kh1
{[%clk 0:07:21]} f5 {[%clk 1:03:12]} 50. Kh2 {[%clk 0:06:38]} f4 {[%clk 1:03:04]}
51. Rb1 {[%clk 0:06:06]} f3 {[%clk 1:02:55]} 52. Rf1 {[%clk 0:06:00]} d5
{[%clk 1:02:34]} 53. Bb4 {[%clk 0:05:03]} f2 {[%clk 1:02:41]} 54. Be1
{[%clk 0:04:45]} fxe1=B 55. Rxe1 Ng5 {[%clk 1:01:40]} 56. Rf1 {[%clk 0:03:37]}
Nf3+ {[%clk 1:01:45]} 57. Kh1 {[%clk 0:03:43]} Rg1+ {[%clk 1:02:03]} 58. Rxg1
{[%clk 0:04:05]} Nxg1 {[%clk 1:02:25]}  0-1